History Quiz

Random History or Director Quiz
Score 0/18 Timer 05:00
0 Plays Today
% Correct
al-Qaeda
97.2%
United Nations
89.9%
WikiLeaks
85.3%
PLO
83.5%
FBI
80.8%
KGB
80%
ANC
77%
European Union
62.3%
IMF
59%
% Correct
Stasi
51.6%
NATO
48.1%
CIA
47.3%
RAF (The Red Army Faction)
41%
MI5
29.6%
World Bank
29.1%
United Way of America
26.3%
UNICEF
18.5%
HVA
17.5%
Remove Ads.
Support Sporcle.
Get the best of Sporcle when you Go Orange. This ad-free experience offers more features, more stats, and more fun while also helping to support Sporcle. Thank you for becoming a member.

You're not logged in!

Compare scores with friends on all Sporcle quizzes.
OR
Log In

Show Comments

Extras

Top Quizzes Today


Score Distribution

Your Account Isn't Verified!

In order to create a playlist on Sporcle, you need to verify the email address you used during registration. Go to your Sporcle Settings to finish the process.

Report this User

Report this user for behavior that violates our Community Guidelines.

Details: